| 000 | 00726nam a22002297a 4500 | ||
|---|---|---|---|
| 003 | DO-SdBNP | ||
| 005 | 20220429110012.0 | ||
| 008 | 110301s2021 dr 000 0 spa d | ||
| 020 | _a9789945626131 | ||
| 040 |
_aDO-SdBNP _bspa _cBNPHU |
||
| 082 | 4 |
_axxxx _bC171b |
|
| 100 | 1 |
_aCalzado García, Domingo _953018 _d1962- |
|
| 245 | 1 | 0 |
_aBaile, bonito y más / _cDomingo Calzado García ; prólogo Edward González Valdez |
| 260 |
_aSanto Domingo : _bVérite, _c2021. |
||
| 300 |
_a66 p. : _c23 cm. |
||
| 500 | _aIncluye datos biográficos del autor. | ||
| 504 | _aBibliografía p: 9 | ||
| 590 | _aInventariado, 2022/ YL | ||
| 700 | 1 | 2 |
_aGonzález Valdez, Edward _eprol. _981526 |
| 910 | _aYLockward | ||
| 942 |
_2ddc _cLBS1 |
||
| 999 |
_c51620 _d51620 |
||